000 00371cam a2200145 4500
008 040914n2005 000 0 eng u
020 _a1405121637
035 _a(Sirsi) u127361
100 _aRycroft, M.
245 _aSubcontracting in the construction industry
260 _aBlackwells
_c2005
350 _a55.00
520 _aDue for publication 2005
942 _n0
999 _c103756
_d103756